| 000 | 00356nam a22001457a 4500 | ||
|---|---|---|---|
| 008 | 231025b ||||| |||| 00| 0 eng d | ||
| 020 | _a9780140243284 | ||
| 041 | _aeng | ||
| 080 | _a101 | ||
| 082 | _a101THO | ||
| 100 | _a44 | ||
| 101 | _aFILOZ | ||
| 245 |
_aLATE NIGHT THOUGHTS ON LISTENING TO MAHLER.S NINTH SYMPHONY _cTHOMAS LEWIS |
||
| 942 |
_2udc _cBK |
||
| 999 |
_c60467 _d60467 |
||